000 00681nam a2200241Ia 4500
005 20260430150043.0
008 008 250103s9999 xx 000 0 eng d
037 _aTheses
040 _aCRL
040 _beng
040 _ceng
041 _2eng
041 _aeng
084 _qCRL
100 _aNagpal Aishwarya Au.; Kalsie Anjala Gu.
_91236314
245 0 _aDynamics of Corporate leverage in BRICS Nations: An Analysis of Nature, causes ans impact
260 _c2021
300 _a399p.
650 _aManagement
700 _aUniversity of Delhi. Faculty of Management Studies. Deptt. of Management Studies
_91236312
942 _cTH
999 _c1848831
_d1848831